| 000 | 03371cam a22005414i 4500 | ||
|---|---|---|---|
| 003 | PE-LiUPU | ||
| 005 | 20250731172835.0 | ||
| 008 | 150827s2010 miua rb 001 0 eng d | ||
| 020 |
_a0802863736 _q(pbk. : alk. paper) |
||
| 020 |
_a9780802863737 _q(pbk. : alk. paper) |
||
| 035 | _a(Sirsi) i9780802863737 | ||
| 040 |
_aDLC _bspa _cDLC _dYDX _dBTCTA _dYDXCP _dEMT _dDTM _dCDX _dIGR _dDLC _dPE-LiUPU _erda |
||
| 049 | _aPRUA | ||
| 050 | 0 | 0 |
_aBV639.P6 _bL66 2010 |
| 082 | 0 | 4 |
_a261.832509015 _bL82 _222 |
| 100 | 1 |
_aLongenecker, Bruce W., _eautor. |
|
| 245 | 1 | 0 |
_aRemember the poor : _bPaul, poverty, and the Greco-Roman world / _cBruce W. Longenecker. |
| 264 | 1 |
_aGrand Rapids, Mich. : _bW.B. Eerdmans Pub., _c2010. |
|
| 300 |
_axi, 380 páginas : _bilustraciones ; _c23 centímetros |
||
| 336 |
_atext _2rdacontent |
||
| 337 |
_aunmediated _2rdamedia |
||
| 338 |
_avolume _2rdacarrier |
||
| 504 | _aIncluye referencias bibliográficas páginas 345-365) e índices. | ||
| 505 | 0 | _a"I am not ashamed of the gospel" : Paul's alleged disregard for the poor -- "You have dishonored the poor man" : advanced agrarianism and elite acquisitiveness -- "The least of these" : scaling poverty in the Greco-Roman world -- "When did we see you hungry?" : charitable initiatives in the Greco-Roman world -- "Good news to the poor" : Judeo-Christian theological traditions -- "Do good to all" : care for the poor in Paul's communities -- "Remember the poor" : interpretive paradigms in conflict -- "They added nothing" : the poor in the mission of the early Jesus-movement -- "Fulfill the law of Christ" : the poor in the rhetoric of Galatians -- "Not many of you were of noble birth" : economic profiles within Paul's communities -- "You would have plucked out your eyes" : the economic attractions of Paul's communities --"There were none in need" : care for the poor in Paul's theology -- "Content with whatever I have" : the poor in the life of Paul -- Appendix 1. An early critique of Steven J. Freisen's 2004 poverty scale -- Appendix 2. Non-Pauline configurations of generosity and the Mosaic law -- Appendix 3. Dating the origin of Paul's collection. | |
| 526 | _aSEG42 | ||
| 526 | _aSEG41 | ||
| 526 | _aSEG40 | ||
| 526 | _aSEG39 | ||
| 526 | _aP94 | ||
| 526 | _aP87 | ||
| 526 | _aP86 | ||
| 526 | _aP85 | ||
| 526 | _aP77 | ||
| 526 | _aP76 | ||
| 526 | _aP35 | ||
| 630 | 0 | 0 |
_aBiblia. _pEpistolas de Pablo _xCrítica, interpretación, etc. |
| 650 | 0 |
_aBiblia. _pEpístolas de Pablo _xCrítica, interpretación, etc. |
|
| 650 | 0 |
_aHistoria de la iglesia _yEpoca primitiva, ca. 30-600. |
|
| 650 | 0 |
_aPbreza _xEnseñanza bíblica. |
|
| 650 | 0 |
_aPobreza _xAspectos religiosos _xCristianianismo. |
|
| 910 |
_ardg _bjck _crdg _d20150827 |
||
| 942 |
_2ddc _cBOOK |
||
| 949 |
_aPGT 261.832509015 L82 _wDEWEY _c1 _i71960 _d2016-3-28 _e2016-3-28 _lCCODEBUL1 _mBUL _n1 _p24.00 _r0 _sY _tBOOK _u2015-8-26 _xTEOLOGIA _PP85 _0COMPRA _o.CIRCNOTE. No olvidar cambiar la fecha de devolución!!!!!!! _o.STAFF. Posgrado |
||
| 994 |
_aC0 _bPEPRU |
||
| 596 | _a1 | ||
| 999 |
_aPGT 261.832509015 L82 _wDEWEY _c6941 _i71960 _d6941 _e2016-3-28 _f2021-11-10 _g5 _lCCODEBUL1 _mBUL _n1 _p24.00 _r0 _sY _tBOOK _u2015-8-26 _xTEOLOGIA _PP85 _0COMPRA _o.CIRCNOTE. No olvidar cambiar la fecha de devolución!!!!!!! _o.STAFF. Posgrado |
||
| 980 |
_81 _gALBERTO SANCHEZ Responsable de Automatización |
||